000 00426cam a2200181ua 4500
020 _c20.00
041 _aeng
_h
082 _a823.308
_bMAU/SU
100 _aMaugham, Somerset W .
245 _aSumming up /
_cSomerset W Maugham.
_hTextual Documents
250 _a1 /
_b.
260 _aLondon :
_bHeinemann ,
_c1961.
300 _a305 ; .
365 _a20.00
504 _a
942 _cBK
999 _c8164
_d8164